[Event "St Petersburg Summer op"]
[Site "St Petersburg"]
[Date "2017.08.24"]
[Round "9"]
[White "Vunder, Andrei"]
[Black "Heinis, Vincent"]
[Result "1/2-1/2"]
[WhiteElo "2199"]
[BlackElo "2081"]
[PlyCount "80"]
[EventDate "2017.08.16"]
[EventType "swiss"]
[EventRounds "9"]
[EventCountry "RUS"]
[SourceTitle "CBM 180 Extra"]
[Source "ChessBase"]
[SourceDate "2017.10.06"]
[SourceVersion "1"]
[SourceVersionDate "2017.10.06"]
[SourceQuality "1"]

1. d4 Nf6 2. Nf3 g6 3. c3 Bg7 4. Bg5 d6 5. Nbd2 0-0 6. e4 c5 7. dxc5 dxc5 8. Bc4 Nc6 9. Qe2 Qc7 10. 0-0 Na5 11. Bd3 h6 12. Bh4 Nh5 13. Qe3 g5 14. Bg3 Nxg3 15. hxg3 Be6 16. Qe2 Rfd8 17. Rfd1 Qb6 18. Rdb1 Rd7 19. Nc4 Nxc4 20. Bxc4 Rad8 21. Bxe6 Qxe6 22. Re1 a6 23. a4 g4 24. Nh2 Rd2 25. Rad1 Rxe2 26. Rxd8+ Kh7 27. Rxe2 h5 28. Rd5 Kg6 29. Rxc5 Qd7 30. Rd5 Qxa4 31. Nf1 e6 32. Rdd2 Bh6 33. Rc2 b5 34. f3 Qa1 35. Kf2 Qd1 36. Ne3 Qd3 37. f4 h4 38. Rcd2 hxg3+ 39. Kxg3 Qxe4 40. Rd4 Bxf4+ 1/2-1/2

[Event "Hamburg-chT Landesliga 1617"]
[Site "Hamburg"]
[Date "2017.05.13"]
[Round "8.3"]
[White "Pajeken, Jakob Leon"]
[Black "Heinis, Vincent"]
[Result "1-0"]
[WhiteElo "2120"]
[BlackElo "2091"]
[PlyCount "27"]
[EventDate "2016.10.16"]
[EventType "team-tourn"]
[EventRounds "9"]
[EventCountry "GER"]
[SourceTitle "EXT 2022"]
[Source "ChessBase"]
[SourceDate "2021.10.06"]
[SourceVersion "1"]
[SourceVersionDate "2021.10.06"]
[SourceQuality "1"]
[WhiteTeam "Hamburger SK IV"]
[BlackTeam "Hamburg Weisse Dame"]
[WhiteTeamCountry "GER"]
[BlackTeamCountry "GER"]

1. e4 d5 2. exd5 Qxd5 3. Nc3 Qa5 4. d4 Nf6 5. Bc4 Bg4 6. Nf3 Nc6 7. d5 0-0-0 8. Bd2 Qc5 9. dxc6 Qxc4 10. cxb7+ Kxb7 11. h3 Bh5 12. g4 Nxg4 13. hxg4 Bxg4 14. Ne5 1-0

[Event "Helsingor Xtracon op"]
[Site "Helsingor"]
[Date "2016.07.27"]
[Round "6"]
[White "Aubert, Carsten"]
[Black "Heinis, Vincent"]
[Result "1/2-1/2"]
[WhiteElo "1977"]
[BlackElo "2131"]
[PlyCount "28"]
[EventDate "2016.07.23"]
[EventType "swiss"]
[EventRounds "10"]
[EventCountry "DEN"]
[SourceTitle "CBM 173 Extra"]
[Source "ChessBase"]
[SourceDate "2016.08.29"]
[SourceVersion "1"]
[SourceVersionDate "2016.08.29"]
[SourceQuality "1"]

1. d4 Nf6 2. c4 e6 3. Nc3 Bb4 4. Qc2 Nc6 5. Nf3 0-0 6. Bg5 h6 7. Bh4 g5 8. Bg3 g4 9. Ng1 Nxd4 10. Qd3 Nf5 11. e4 Nxg3 12. hxg3 Kg7 13. e5 Ng8 14. Rh4 Qg5 1/2-1/2

[Event "Helsingor Xtracon op"]
[Site "Helsingor"]
[Date "2016.07.25"]
[Round "4"]
[White "Ukkelberg, Oyvind"]
[Black "Heinis, Vincent"]
[Result "0-1"]
[WhiteElo "1956"]
[BlackElo "2131"]
[PlyCount "106"]
[EventDate "2016.07.23"]
[EventType "swiss"]
[EventRounds "10"]
[EventCountry "DEN"]
[SourceTitle "CBM 173 Extra"]
[Source "ChessBase"]
[SourceDate "2016.08.29"]
[SourceVersion "1"]
[SourceVersionDate "2016.08.29"]
[SourceQuality "1"]

1. d4 Nf6 2. Bf4 g6 3. Nd2 Bg7 4. Ngf3 d6 5. h3 0-0 6. e3 c5 7. c3 cxd4 8. exd4 Nc6 9. Be2 e5 10. dxe5 dxe5 11. Nxe5 Nd5 12. Nxc6 bxc6 13. Bg3 Re8 14. 0-0 Bxc3 15. Bf3 Bxb2 16. Nc4 Bxa1 17. Qxa1 Ba6 18. Rc1 Bxc4 19. Rxc4 Qf6 20. Qc1 Nb6 21. Rxc6 Rac8 22. Bc7 Re6 23. Rxe6 Qxe6 24. Bb7 Re8 25. Qc6 Qxc6 26. Bxc6 Re1+ 27. Kh2 Rc1 28. Bxb6 axb6 29. Bd5 Kf8 30. Kg3 Ke7 31. Kf3 Rd1 32. Bb3 Rd4 33. Ke3 Rb4 34. g3 g5 35. g4 f6 36. Kd3 Kd6 37. Kd2 h6 38. Kd3 Ke5 39. Ke3 Re4+ 40. Kf3 Re1 41. Bc4 Kd4 42. Bf7 b5 43. Bg8 b4 44. Bf7 Kc3 45. Bg8 Kb2 46. Bf7 Rh1 47. Kg3 Ra1 48. Kf3 Rxa2 49. Bxa2 Kxa2 50. Ke4 b3 51. Kf5 b2 52. Kxf6 b1Q 53. Kg7 Qb6 0-1

[Event "Hamburg-chT Landesliga 1516"]
[Site "Hamburg"]
[Date "2016.04.23"]
[Round "8.4"]
[White "Schleicher, Guido"]
[Black "Heinis, Vincent"]
[Result "1-0"]
[WhiteElo "2260"]
[BlackElo "2085"]
[PlyCount "51"]
[EventDate "2015.09.20"]
[EventType "team-tourn"]
[EventRounds "9"]
[EventCountry "GER"]
[SourceTitle "EXT 2022"]
[Source "ChessBase"]
[SourceDate "2021.10.06"]
[SourceVersion "1"]
[SourceVersionDate "2021.10.06"]
[SourceQuality "1"]
[WhiteTeam "St Pauli"]
[BlackTeam "Hamburg Weisse Dame"]
[WhiteTeamCountry "GER"]
[BlackTeamCountry "GER"]

1. c4 c5 2. g3 g6 3. Bg2 Bg7 4. Nf3 Nc6 5. 0-0 e5 6. Nc3 d6 7. d3 Nge7 8. Rb1 0-0 9. a3 a5 10. Nd2 Rb8 11. Nd5 Nxd5 12. cxd5 Ne7 13. b4 cxb4 14. axb4 b5 15. bxa5 Qxa5 16. Nb3 Qc7 17. Bd2 Bb7 18. e4 Ra8 19. Qc1 Qd7 20. Qb2 Ra4 21. Na5 Ba6 22. Rfc1 f5 23. Bb4 Bh6 24. Rc2 Kg7 25. Nc6 Ng8 26. Nxe5 1-0

[Event "Politiken Cup 37th"]
[Site "Helsingor"]
[Date "2015.08.01"]
[Round "9"]
[White "Steenstrup, Svend"]
[Black "Heinis, Vincent"]
[Result "1/2-1/2"]
[WhiteElo "1914"]
[BlackElo "2094"]
[PlyCount "36"]
[EventDate "2015.07.25"]
[EventType "swiss"]
[EventRounds "10"]
[EventCountry "DEN"]
[SourceTitle "CBM 167 Extra"]
[Source "ChessBase"]
[SourceDate "2015.09.14"]
[SourceVersion "1"]
[SourceVersionDate "2015.09.14"]
[SourceQuality "1"]

1. e4 c5 2. Nf3 e6 3. d4 cxd4 4. Nxd4 Nc6 5. Be3 Nf6 6. Nd2 d5 7. Bb5 Bd7 8. Bxc6 bxc6 9. e5 Ng8 10. c4 c5 11. Nb5 Qb8 12. Nd6+ Bxd6 13. exd6 Qxd6 14. Ne4 Qe5 15. Nxc5 Bc6 16. cxd5 Qxd5 17. Qxd5 Bxd5 18. 0-0 Nf6 1/2-1/2

[Event "Basel op"]
[Site "Basel"]
[Date "2015.01.03"]
[Round "4"]
[White "Toenz, Arthur"]
[Black "Heinis, Vincent"]
[Result "0-1"]
[WhiteElo "2006"]
[BlackElo "2114"]
[PlyCount "82"]
[EventDate "2015.01.01"]
[EventType "swiss"]
[EventRounds "7"]
[EventCountry "SUI"]
[SourceTitle "CBM 164 Extra"]
[Source "ChessBase"]
[SourceDate "2015.03.02"]
[SourceVersion "1"]
[SourceVersionDate "2015.03.02"]
[SourceQuality "1"]

1. d4 Nf6 2. c4 e6 3. Nf3 c5 4. d5 exd5 5. cxd5 d6 6. Nc3 g6 7. e4 Bg7 8. Bd3 a6 9. a4 Nbd7 10. 0-0 Nh5 11. Qc2 Ne5 12. Nxe5 Bxe5 13. Ne2 Bd7 14. Bd2 Rc8 15. Rac1 c4 16. Bxc4 b5 17. axb5 axb5 18. b3 bxc4 19. bxc4 0-0 20. Qd3 f5 21. f3 fxe4 22. fxe4 Qh4 23. g3 Qh3 24. Bc3 Nf6 25. Nf4 Qh6 26. h4 Ng4 27. Bxe5 Nxe5 28. Qd4 g5 29. hxg5 Qxg5 30. Kg2 Rf7 31. Rf2 Rg7 32. Ne2 Bg4 33. Rc3 Bxe2 34. Rxe2 Rxc4 35. Rxc4 Qxg3+ 36. Kf1 Rf7+ 37. Rf2 Rxf2+ 38. Qxf2 Qxf2+ 39. Kxf2 Nxc4 40. Kf3 Kg7 41. Kf4 Kg6 0-1

[Event "Basel op"]
[Site "Basel"]
[Date "2015.01.02"]
[Round "3"]
[White "Heinis, Vincent"]
[Black "Bussachini, Michel"]
[Result "1-0"]
[WhiteElo "2114"]
[BlackElo "2004"]
[PlyCount "45"]
[EventDate "2015.01.01"]
[EventType "swiss"]
[EventRounds "7"]
[EventCountry "SUI"]
[SourceTitle "CBM 164 Extra"]
[Source "ChessBase"]
[SourceDate "2015.03.02"]
[SourceVersion "1"]
[SourceVersionDate "2015.03.02"]
[SourceQuality "1"]

1. Nf3 f5 2. d3 Nf6 3. e4 d6 4. Nc3 e5 5. exf5 Bxf5 6. d4 e4 7. Nh4 Bg6 8. Nxg6 hxg6 9. d5 Nbd7 10. Qd4 Qe7 11. Bf4 a6 12. 0-0-0 Nb6 13. a4 Rh5 14. g4 Nxg4 15. a5 Nd7 16. Nxe4 Ngf6 17. Ng5 0-0-0 18. h4 Re8 19. Qa7 Nb8 20. Rh3 Nxd5 21. Rxd5 Qe1+ 22. Rd1 Qxa5 23. Ra3 1-0

[Event "Basel op"]
[Site "Basel"]
[Date "2015.01.01"]
[Round "1"]
[White "Heinis, Vincent"]
[Black "Graf, Felix"]
[Result "0-1"]
[WhiteElo "2114"]
[BlackElo "2469"]
[PlyCount "38"]
[EventDate "2015.01.01"]
[EventType "swiss"]
[EventRounds "7"]
[EventCountry "SUI"]
[SourceTitle "CBM 164 Extra"]
[Source "ChessBase"]
[SourceDate "2015.03.02"]
[SourceVersion "1"]
[SourceVersionDate "2015.03.02"]
[SourceQuality "1"]

1. Nf3 Nf6 2. c4 b6 3. g3 Bb7 4. Bg2 g6 5. Nc3 Bg7 6. d3 d5 7. cxd5 Nxd5 8. Bd2 Nd7 9. Rc1 0-0 10. h4 N5f6 11. Kf1 c5 12. d4 Rc8 13. dxc5 Nxc5 14. Ne5 Nfe4 15. Bf4 Nxc3 16. bxc3 Qc7 17. Bxb7 Qxb7 18. Nf3 Rfd8 19. Qe1 Nd3 0-1

[Event "Basel op"]
[Site "Basel"]
[Date "2014.01.01"]
[Round "1"]
[White "Popilski, Gil"]
[Black "Heinis, Vincent"]
[Result "1-0"]
[WhiteElo "2492"]
[BlackElo "2112"]
[PlyCount "57"]
[EventDate "2014.01.01"]
[EventType "swiss"]
[EventRounds "7"]
[EventCountry "SUI"]
[SourceTitle "CBM 158 Extra"]
[Source "ChessBase"]
[SourceDate "2014.02.28"]
[SourceVersion "1"]
[SourceVersionDate "2014.02.28"]
[SourceQuality "1"]

1. e4 d5 2. exd5 Qxd5 3. Nc3 Qa5 4. d4 Nf6 5. Nf3 Bf5 6. Ne5 c6 7. Bc4 e6 8. Bd2 Bb4 9. g4 Bg6 10. h4 Nbd7 11. Nxd7 Kxd7 12. h5 Be4 13. Rh3 h6 14. a3 Bxc3 15. Bxc3 Qc7 16. Qe2 Rhe8 17. 0-0-0 b5 18. Ba2 a5 19. Kb1 b4 20. axb4 axb4 21. Bxb4 Reb8 22. Ba3 Qa5 23. Ka1 Qa4 24. Rc1 Rxb2 25. Kxb2 Qxd4+ 26. Kb1 Nd5 27. Rd1 Rb8+ 28. Bb3 Qa4 29. Bb2 1-0

[Event "Basel Hilton op 14th"]
[Site "Basel"]
[Date "2012.01.04"]
[Round "5"]
[White "Lutz, Bernhard"]
[Black "Heinis, Vincent"]
[Result "1-0"]
[WhiteElo "2321"]
[BlackElo "2146"]
[PlyCount "83"]
[EventDate "2012.01.01"]
[EventType "swiss"]
[EventRounds "7"]
[EventCountry "SUI"]
[SourceTitle "CBM 146 Extra"]
[Source "ChessBase"]
[SourceDate "2012.02.29"]
[SourceVersion "1"]
[SourceVersionDate "2012.02.29"]
[SourceQuality "1"]

1. d4 Nf6 2. c4 e6 3. Nf3 d5 4. Nc3 dxc4 5. e3 a6 6. a4 c5 7. Bxc4 Nc6 8. 0-0 Be7 9. dxc5 Qxd1 10. Rxd1 Bxc5 11. h3 Bd7 12. e4 Na5 13. Ba2 Bc6 14. Bd2 b6 15. Rab1 Bxe4 16. b4 Bxb1 17. Rxb1 Bd6 18. bxa5 bxa5 19. Ne2 Bb4 20. Bxb4 axb4 21. Rxb4 0-0 22. Bc4 a5 23. Rb2 Rac8 24. Bb5 Rc5 25. Nfd4 Ne4 26. Nb3 Rd5 27. f3 Nd6 28. Nc3 Re5 29. Nxa5 Rc5 30. Ne4 Nxe4 31. fxe4 Rb8 32. Nb3 Rcxb5 33. axb5 Rxb5 34. Rd2 g5 35. Nd4 Re5 36. Re2 f5 37. exf5 Rxe2 38. Nxe2 exf5 39. Nd4 f4 40. Kf2 Kg7 41. Kf3 Kg6 42. h4 1-0

[Event "Basel Hilton op 14th"]
[Site "Basel"]
[Date "2012.01.02"]
[Round "2"]
[White "Heinis, Vincent"]
[Black "Spiess, Thomas"]
[Result "1-0"]
[WhiteElo "2146"]
[BlackElo "2002"]
[PlyCount "53"]
[EventDate "2012.01.01"]
[EventType "swiss"]
[EventRounds "7"]
[EventCountry "SUI"]
[SourceTitle "CBM 146 Extra"]
[Source "ChessBase"]
[SourceDate "2012.02.29"]
[SourceVersion "1"]
[SourceVersionDate "2012.02.29"]
[SourceQuality "1"]

1. d4 d5 2. c4 e6 3. Nc3 c6 4. Nf3 Nf6 5. Bg5 h6 6. Bh4 dxc4 7. e4 b5 8. e5 g5 9. Nxg5 hxg5 10. Bxg5 Nbd7 11. exf6 Bb7 12. g3 Qb6 13. Bg2 c5 14. d5 0-0-0 15. 0-0 b4 16. Na4 Qb5 17. a3 exd5 18. axb4 cxb4 19. Bf4 Nc5 20. Nxc5 Bxc5 21. Re1 d4 22. Qg4+ Qd7 23. Qg5 Bxg2 24. Qxc5+ Qc6 25. Qxb4 Qb7 26. Qxc4+ Bc6 27. Rac1 1-0

[Event "Basel Hilton op 13th"]
[Site "Basel"]
[Date "2011.01.05"]
[Round "7"]
[White "Alfred, Nathan"]
[Black "Heinis, Vincent"]
[Result "1/2-1/2"]
[WhiteElo "2268"]
[BlackElo "2097"]
[PlyCount "57"]
[EventDate "2011.01.01"]
[EventType "swiss"]
[EventRounds "7"]
[EventCountry "SUI"]
[SourceTitle "EXT 2012"]
[Source "ChessBase"]
[SourceDate "2011.11.24"]
[SourceVersion "1"]
[SourceVersionDate "2011.11.24"]
[SourceQuality "1"]

1. d4 Nf6 2. Nf3 e6 3. c4 Bb4+ 4. Bd2 Qe7 5. g3 Nc6 6. Bg2 Bxd2+ 7. Nbxd2 0-0 8. 0-0 d6 9. e4 a5 10. d5 Ne5 11. Nxe5 dxe5 12. Rc1 Nd7 13. Qc2 Nc5 14. Nb3 Na6 15. c5 exd5 16. exd5 Nb4 17. Qd2 Bf5 18. d6 Qe6 19. Bxb7 Ra7 20. Nxa5 Nd3 21. Bg2 cxd6 22. Nc6 Rd7 23. cxd6 Rxd6 24. Qg5 Re8 25. Rc3 e4 26. Na5 h6 27. Qe3 Nxb2 28. Nb3 Nd1 29. Qc1 1/2-1/2

[Event "Basel Hilton op 13th"]
[Site "Basel"]
[Date "2011.01.04"]
[Round "5"]
[White "Sommerhalder, Eric"]
[Black "Heinis, Vincent"]
[Result "0-1"]
[WhiteElo "2000"]
[BlackElo "2097"]
[PlyCount "82"]
[EventDate "2011.01.01"]
[EventType "swiss"]
[EventRounds "7"]
[EventCountry "SUI"]
[SourceTitle "EXT 2012"]
[Source "ChessBase"]
[SourceDate "2011.11.24"]
[SourceVersion "1"]
[SourceVersionDate "2011.11.24"]
[SourceQuality "1"]

1. e4 c5 2. Nf3 d6 3. d4 cxd4 4. Nxd4 Nf6 5. Nc3 e5 6. Ndb5 a6 7. Na3 b5 8. Nd5 Nxd5 9. Qxd5 Ra7 10. Be3 Be6 11. Qd2 Rd7 12. Nxb5 axb5 13. Bxb5 Be7 14. 0-0 0-0 15. Bxd7 Nxd7 16. b4 Nb6 17. Rfb1 Nc4 18. Qe2 Qb8 19. f3 Nxe3 20. Qxe3 d5 21. exd5 Bxd5 22. a4 f5 23. Qe2 Rc8 24. a5 Bf6 25. Ra3 e4 26. b5 Bd4+ 27. Kh1 exf3 28. gxf3 Bc3 29. Kg2 Re8 30. Qxe8+ Qxe8 31. Rxc3 Qe2+ 32. Kg1 Bxf3 33. Rxf3 Qxf3 34. b6 Qe3+ 35. Kf1 Qf4+ 36. Kg1 Qd4+ 37. Kf1 Qc4+ 38. Kg1 Qxc2 39. Ra1 f4 40. b7 Qc5+ 41. Kf1 Qb5+ 0-1

[Event "Basel Hilton op 13th"]
[Site "Basel"]
[Date "2011.01.01"]
[Round "1"]
[White "Milosevic, Goran"]
[Black "Heinis, Vincent"]
[Result "1/2-1/2"]
[WhiteElo "2357"]
[BlackElo "2097"]
[PlyCount "70"]
[EventDate "2011.01.01"]
[EventType "swiss"]
[EventRounds "7"]
[EventCountry "SUI"]
[SourceTitle "EXT 2012"]
[Source "ChessBase"]
[SourceDate "2011.11.24"]
[SourceVersion "1"]
[SourceVersionDate "2011.11.24"]
[SourceQuality "1"]

1. e4 e6 2. d4 d5 3. Nd2 Nc6 4. Ngf3 Nf6 5. e5 Nd7 6. Bb5 a6 7. Be2 f6 8. exf6 Qxf6 9. Nf1 Bd6 10. Ng3 0-0 11. 0-0 h6 12. c4 dxc4 13. Ne4 Qe7 14. Nxd6 Qxd6 15. Bxc4 b5 16. Bb3 Bb7 17. Re1 Rae8 18. Qe2 Nxd4 19. Nxd4 Qxd4 20. Rd1 Qe5 21. Qe3 Bd5 22. f4 Qh5 23. Bd2 c5 24. Qg3 b4 25. Be3 Nf6 26. Bc2 Rc8 27. h3 Be4 28. Rdc1 Qf5 29. Bb3 Nd5 30. Bxc5 Rf6 31. Qg4 Rg6 32. Qxf5 Rxg2+ 33. Kf1 exf5 34. Bf2 Rxc1+ 35. Rxc1 Kh7 1/2-1/2

[Event "Bayern-chI Bank Hofmann 14th"]
[Site "Bad Wiessee"]
[Date "2010.11.01"]
[Round "4"]
[White "Lorscheid, Gerhard"]
[Black "Heinis, Vincent"]
[Result "1/2-1/2"]
[WhiteElo "2287"]
[BlackElo "2086"]
[PlyCount "90"]
[EventDate "2010.10.30"]
[EventType "swiss"]
[EventRounds "9"]
[EventCountry "GER"]
[SourceTitle "EXT 2011"]
[Source "ChessBase"]
[SourceDate "2010.11.26"]
[SourceVersion "1"]
[SourceVersionDate "2010.11.26"]
[SourceQuality "1"]

1. d4 g6 2. e4 d6 3. c4 Bg7 4. Nc3 c5 5. d5 e5 6. Bd3 Nf6 7. Nf3 a6 8. h3 Nbd7 9. Be3 Nh5 10. g3 0-0 11. Nd2 Bf6 12. h4 Be7 13. Be2 Ndf6 14. Bh6 Re8 15. a3 Bd7 16. a4 Qc8 17. Nf1 Bd8 18. a5 b6 19. axb6 Rb8 20. Qc2 Rxb6 21. b3 Kh8 22. Bd2 Bg4 23. f3 Bh3 24. Kf2 Bd7 25. Kg2 Ng8 26. Nd1 Bf6 27. Nf2 Bg7 28. Nd3 f5 29. Ba5 Rb8 30. b4 Ngf6 31. bxc5 fxe4 32. fxe4 Nxe4 33. c6 Bf5 34. Qd1 Nexg3 35. Nxg3 Nxg3 36. Kxg3 e4 37. Nf4 Be5 38. Ra3 g5 39. hxg5 Rg8 40. Bc3 Rxg5+ 41. Kf2 Qf8 42. Qd2 Rg7 43. Rg1 Rxg1 44. Kxg1 Qh6 45. Bf1 Rg8+ 1/2-1/2

[Event "Gibraltar Masters 7th"]
[Site "Gibraltar"]
[Date "2009.02.05"]
[Round "10"]
[White "Heinis, Vincent"]
[Black "Solomon, Kenny"]
[Result "1/2-1/2"]
[WhiteElo "2170"]
[BlackElo "2348"]
[PlyCount "80"]
[EventDate "2009.01.27"]
[EventType "swiss"]
[EventRounds "10"]
[EventCountry "ENG"]
[SourceTitle "CBM 128 Extra"]
[Source "ChessBase"]
[SourceDate "2009.03.05"]
[SourceVersion "2"]
[SourceVersionDate "2009.03.25"]
[SourceQuality "1"]

1. e4 c5 2. Nf3 Nc6 3. d4 cxd4 4. Nxd4 Nf6 5. Nc3 e5 6. Ndb5 d6 7. Bg5 a6 8. Na3 b5 9. Bxf6 gxf6 10. Nd5 f5 11. c3 Bg7 12. Bd3 Be6 13. Qh5 0-0 14. Ne3 f4 15. Nf5 Bxf5 16. Qxf5 b4 17. cxb4 Nd4 18. Qh5 Qb6 19. 0-0 Qxb4 20. Nc2 Nxc2 21. Bxc2 Qxb2 22. Bb3 Rac8 23. Rad1 Rc6 24. Qf5 Qc3 25. Bd5 Rc7 26. Bb3 Qb4 27. Rd3 Rc3 28. Rxc3 Qxc3 29. Rd1 Kh8 30. Qd7 f5 31. exf5 e4 32. Qxd6 e3 33. Qe6 exf2+ 34. Kxf2 Bd4+ 35. Ke2 Be3 36. Rd7 Qb2+ 37. Kd1 Qc1+ 38. Ke2 Qb2+ 39. Kd1 Qb1+ 40. Ke2 Qb2+ 1/2-1/2

[Event "Gibraltar Masters 7th"]
[Site "Gibraltar"]
[Date "2009.02.01"]
[Round "6"]
[White "Heinis, Vincent"]
[Black "Leniart, Arkadiusz"]
[Result "1-0"]
[WhiteElo "2170"]
[BlackElo "2360"]
[PlyCount "79"]
[EventDate "2009.01.27"]
[EventType "swiss"]
[EventRounds "10"]
[EventCountry "ENG"]
[SourceTitle "CBM 128 Extra"]
[Source "ChessBase"]
[SourceDate "2009.03.05"]
[SourceVersion "2"]
[SourceVersionDate "2009.03.25"]
[SourceQuality "1"]

1. d4 Nf6 2. c4 e6 3. Nf3 d5 4. g3 Nbd7 5. Bg2 dxc4 6. 0-0 Nb6 7. Nbd2 Bd7 8. a4 a5 9. Ne5 Nfd5 10. e4 Nb4 11. Ndxc4 Nxc4 12. Nxc4 Be7 13. Bf4 0-0 14. Rc1 Na2 15. Ra1 Nb4 16. Rc1 Ra6 17. h4 Na2 18. Ra1 Nb4 19. Rc1 Bc6 20. Ne3 Bd6 21. Bxd6 cxd6 22. d5 exd5 23. exd5 Bd7 24. b3 b5 25. axb5 Bxb5 26. Nc4 Qf6 27. Qd2 h5 28. Rfe1 g6 29. Re4 Rc8 30. Rf4 Qd8 31. Bf1 Rc5 32. Ne3 Bxf1 33. Rxf1 Ra8 34. Re1 Rac8 35. Nf5 R8c7 36. Rfe4 Rc8 37. Ne7+ Kh7 38. Nxc8 Qxc8 39. Re8 Qf5 40. Rh8+ 1-0